Pedagogía del líder / (Registro nro. 24172)

Detalles MARC
000 -LEADER
fixed length control field 00588nam a22001937a 4500
003 - CONTROL NUMBER IDENTIFIER
control field DO-CoUTE
005 - DATE AND TIME OF LATEST TRANSACTION
control field 20260506144344.0
008 - FIXED-LENGTH DATA ELEMENTS--GENERAL INFORMATION
fixed length control field 260506b dr ||||| |||| 00| 0 spa d
040 ## - CATALOGING SOURCE
Original cataloging agency DO-CoUTE
Language of cataloging spa
Transcribing agency DO-CoUTE
082 ## - DEWEY DECIMAL CLASSIFICATION NUMBER
Classification number RD 3711.2011S939P
100 1# - MAIN ENTRY--PERSONAL NAME
Personal name Suarez Nuñez, Emilio
Relator term Autor
245 10 - TITLE STATEMENT
Title Pedagogía del líder /
Statement of responsibility, etc. Emilio Suarez Nuñez
260 ## - PUBLICATION, DISTRIBUTION, ETC.
Place of publication, distribution, etc. Republica Dominicana ;
Date of publication, distribution, etc. 2009
300 ## - PHYSICAL DESCRIPTION
Extent 162 Pagina
Dimensions 23cm,
504 ## - BIBLIOGRAPHY, ETC. NOTE
Bibliography, etc. note Incluye referencia bibliográfica e índice.<br/><br/><br/>
650 #4 - SUBJECT ADDED ENTRY--TOPICAL TERM
Topical term or geographic name entry element pedagogia
700 1# - ADDED ENTRY--PERSONAL NAME
Personal name Emilio Suarez Nuñez
Relator term Autor
942 ## - ADDED ENTRY ELEMENTS (KOHA)
Source of classification or shelving scheme Dewey Decimal Classification
Koha item type Libros
Existencias
Withdrawn status Lost status Source of classification or shelving scheme Damaged status Not for loan Collection code Home library Current library Shelving location Date acquired Inventory number Total Checkouts Full call number Barcode Date last seen Copy number Price effective from Koha item type
    Dewey Decimal Classification     Colección Dominicana Biblioteca UTECO Biblioteca UTECO En Estantería 05/06/2026 023837   RD 3711.2011S939P 023837 05/06/2026 Ej.1 05/06/2026 Libros
© 2021 Derechos Reservados UTECO - Teléfono: +1 809-585-2291 - Correo electrónico: biblioteca@uteco.edu.do​  
Código postal 43000 ​​
Dirección: Avenida Universitaria No. 100, 
Cotuí, Provincia Sánchez Ramírez, República Dominicana - RNC: 404-00059-6